LEADER 01028nam a22002778i 4500 001 991002083089707536 005 20010302160337.5 008 991123s2000 wiua b 001 0 eng 020 $a0895794543 035 $ab13473177-39ule_inst 040 $aDip.to Beni Arti e Storia$bita 082 00$a781.3/4$221 100 1 $aCope, David.$0624895 245 14$aThe algorithmic composer /$cDavid Cope. 260 $aMadison, Wis. :$bA-R Editions,$c2000. 300 $axiii, 302 p. :$bill. 440 4$aThe computer music and digital audio series ;$vv. 16 504 $aInclude bibliografia (p. 267-273) e indici. 630 00$aAlice (Computer file) 650 0$aComposizione (Musica)$xComputer$xProgrammi 907 $a.b13473177$b25-01-07$c25-01-07 912 $a991002083089707536 945 $aLE019 A22 MUS C 17$cV. 16$g1$i2019000014755$lle019$o-$pE0.00$q-$rl$s- $t0$u0$v0$w0$x0$y.i1435374x$z25-01-07 996 $aAlgorithmic composer$91095184 997 $aUNISALENTO 998 $ale019$b25-01-07$cm$da $e-$feng$gwiu$h4$i0 LEADER 02032nam 2200493I 450 001 9910704054203321 005 20151130094052.0 035 $a(CKB)5470000002437112 035 $a(OCoLC)930600614 035 $a(OCoLC)995470000002437112 035 $a(EXLCZ)995470000002437112 100 $a20151130d2013 ua 0 101 0 $aeng 135 $aur||||||||||| 181 $ctxt$2rdacontent 182 $cc$2rdamedia 183 $acr$2rdacarrier 200 10$aEmergency department visits related to schizophrenia among adults aged 18-64 $eUnited States, 2009-2011 /$fMichael Albert and Linda F. McCaig 210 1$aHyattsville, MD :$cU.S. Department of Health and Human Services, Centers for Disease Control and Prevention, National Center for Health Statistics,$d2015. 215 $a1 online resource (7 pages) $ccolor illustrations 225 1 $aNCHS data brief ;$vno. 215 225 1 $aDHHS publication ;$vno. 2015-1209 300 $aCaption title. 300 $aFormat not distributed to depository libraries. 300 $a"September 2015." 300 $aTitle from title screen (viewed November 30, 2015). 320 $aIncludes bibliographical references (pages 6-7). 517 $aEmergency department visits related to schizophrenia among adults aged 18-64 606 $aHospitals$xEmergency services$zUnited States$vStatistics 606 $aSchizophrenia$xTreatment$vStatistics 606 $aPeople with mental disabilities$xHospital care$zUnited States$vStatistics 608 $aStatistics.$2lcgft 615 0$aHospitals$xEmergency services 615 0$aSchizophrenia$xTreatment 615 0$aPeople with mental disabilities$xHospital care 700 $aAlbert$b Michael$0375892 702 $aMcCaig$b Linda F. 712 02$aNational Center for Health Statistics (U.S.), 801 0$bGPO 801 1$bGPO 906 $aBOOK 912 $a9910704054203321 996 $aEmergency department visits related to schizophrenia among adults aged 18-64$93545829 997 $aUNINA